000 00896cam a2200277 a 4500
001 000018238
005 20200929165421.0
008 910626s1966 sp 000 f spa d
035 _a(DLC)ltf91060214
040 _aDO-SdBNP
_bspa
_cDLC
_dDLC
_dBNPHU
041 1 7 _aspa
_hger
_2Código de idioma MARC
082 _a828.99343
_bB347v
100 1 _aBaum, Vicki,
_d1888-1960.
_913380
240 1 0 _aSchichksalsflug.
_lEspañol
245 1 0 _aVuelo fatal :
_bnovela /
_cVicki Baum ; traducción Víctor Scholz.
260 _aBarcelona :
_bPlaneta,
_c1966.
300 _a305 p. ;
_c20 cm.
490 1 _aInfinito
534 _aTítulo original en alemán:
_tSchichksalsflug.
650 4 _aNovela australiana
_913045
650 4 _aLiteratura australiana
_ySIGLO XX
_925055
700 1 _aScholz, Víctor,
_etr.
_939496
830 0 _aInfinito.
_911133
910 _aCatalogación derivada
049 _aBNGR
999 _c17759
_d17759